Statistics for Guess the Taylor Swift's song by the Bridge #9

Click here to take the quiz!

General Stats

  • This quiz has been taken 311 times
  • The average score is 9 of 15

Answer Stats

BridgeSong% Correct
" No one wanted to play with me as a little kid, so I've been scheming like a criminal ever since, to make them love me and make it seem effortless, this is the first time I've felt the need to confess, and I swear, I'm only cryptic and Machiavellian 'cause I care "Mastermind - Midnights
91%
" And I wake with your memory over me, that's a real fucking legacy, legacy, and I wake with your memory over me, that's a real fucking legacy to leave "Maroon - Midnights
89%
" Ladies always rise above, ladies know what people want, someone sweet and kind and fun, the lady simply had enough "Vigilante Shit - Midnights
84%
" It turned into something bigger, somewhere in the haze, got a sense I'd been betrayed, your finger on my hairpin triggers, soldier down on that icy ground, looked up at me with honor and truth, broken and blue, so I called off the troops, that was the night I nearly lost you, I really thought I'd lost you "The Great War - Midnights
83%
" At the restaurant when I was still the one you want, cross-legged in the dim light, everything was just right, I, I could feel the mascara run, you told me that you met someone, glass shattered on the white cloth, everybody moved on "​r​ight where you left me - evermore
81%
" Sent me a clear message, taught me some hard lessons, I just forget what they were, it's all just a blur "I Forgot That You Existed - Lover
63%
" You know I left a part of me back in New York, you knew the hero died so what's the movie for? You knew it still hurts underneath my scars, from when they pulled me apart, you knew the password so I let you in the door, you knew you won so what's the point of keeping score? You knew it still hurts underneath my scars, from when they pulled me apart, but what you did was just as dark (Ah, ah, ah) Darling, this was just as hard, as when they pulled me apart "hoax - folklore
58%
" And the skeletons in both our closets, plotted hard to fuck this up, and the old men that I've swindled, really did believe I was the one, and the ladies lunchin' have their stories about, when you passed through town, oh, but that was all before I locked it down "cowboy like me - evermore
56%
" What do you say, when tears are streaming down your face, in front of everyone you know? And what do you do, when the one who means the most to you, is the one who didn't show? "The Moment I Knew (Taylor’s Version) - Red (Taylor's Version)
56%
" Time turns flames to embers, you'll have new Septembers, every one of us has messed up, too, ooh, minds change like the weather, I hope you remember, today is never too late to be brand new, oh "Innocent (Taylor's Version) - Speak Now (Taylor's Version)
52%
" They're dimming the street lights, you're perfect for me, why aren't you here tonight? I'm waiting alone now, so come on and come out, and pull me near and shine, shine, shine, (... .......), I could give you fifty reasons, why I should be the one you choose, all those other girls, well, they're beautiful, but would they write a song for you? (Ha-ha-ha) "Hey Stephen (Taylor’s Version) - Fearless (Taylor's Version)
48%
" Tonight, I'm gonna dance, for all that we've been through, but I don't wanna dance, if I'm not dancing with you, tonight, I'm gonna dance like you were in this room, but I don't wanna dance, if I'm not dancing with you "Holy Ground (Taylor’s Version) - Red (Taylor's Version)
48%
" There's been this hole in my heart, this thing was a shot in the dark, say you'll never let 'em tear us apart, and I'll hold onto you while we (...) "Run (Taylor’s Version) [From the Vault] - Red (Taylor's Version)
34%
" Why do you have to make me feel small, so you can feel whole inside? Why do you have to put down my dreams, so you're the only thing on my mind? "Tell Me Why (Taylor’s Version) - Fearless - (Taylor's Version)
31%
" And if I would've known, how sharp the pieces were you'd crumbled into, I might’ve let them lay "Renegade - Big Red Machine (Ft. Taylor Swift)
29%

Score Distribution

Percentile by Number Answered

Percent of People with Each Score

Your Score History

You have not taken this quiz